Statistiques concernant Une ville pour chaque monument

Cliquez ici pour prendre le quiz!

Statistiques générales

  • Ce quiz a été pris 135 fois
  • Le résultat moyen est 14 sur 23

Statistiques - réponses

MonumentVille% Correct
Tour EiffelParis
99%
ColiséeRome
97%
Big BenLondres
93%
Statue de la libertéNew York
92%
Opéra de SydneySydney
91%
ParthénonAthènes
87%
KremlinMoscou
87%
Christ RédempteurRio de Janeiro
83%
Porte de BrandebourgBerlin
76%
Burj KhalifaDubai
71%
Sphinx de GizehLe Caire
70%
Lion de BelfortBelfort
69%
CapitoleWashington
67%
Cathédrale du salut de la nation roumaineBucarest
60%
Mosquée bleueIstanbul
55%
Tour de BelemLisbonne
45%
Taj MahalAgra
44%
Machu PicchuCuzco
28%
Monument de la Renaissance AfricaineDakar
28%
Sanctuaire AsakusaTokyo
24%
Palais RoyalMadrid
22%
Fort de KalemegdanBelgrade
3%
Chichen ItzaPisté
3%

Distribution des résultats

Percentile par nombre de réponses

% des personnes avec chaque résultat

Votre développement - résultats

Vous n’avez pas pris ce quiz